Los últimos tiempos / (Registro nro. 10469)

Detalles MARC
000 -LIDER
fixed length control field 00644nam a22002297a 4500
001 - NÚMERO DE CONTROL
Identificador de número de control 00561
003 - IDENTIFICACDOR DE NÚMERO DE CONTROL
control field DO-SdBNP
005 - DATE AND TIME OF LATEST TRANSACTION
control field 20230831113431.0
007 - CAMPOS FIJOS DE DESCRIPCIÓN FÍSICA
fixed length control field 00561
008 - ELEMENTOS DE LONGITUD FIJA
fixed length control field 160621b1998| sp |00| 0 spa d
020 ## - ISBN
International Standard Book Number 9788440680389
040 ## - FUENTE DE CATALOGACIÓN
Agencia que crea de manera original el registro BPMSU
Idioma de catalogación spa
Agencia que realiza la transcripción BPMSU
082 #4 - NÚMERO DE CLASIFICACIÓN DECIMAL DE DEWEY
Classification number A863.6
Item number V393u 1998
Edition number 22
100 1# - ASIENTO PRINCIPAL -- NOMBRE PERSONAL
Nombre personal Vázquez-Rial, Horacio
Fechas asociadas con el nombre 1947-
245 14 - MENCIÓN DE TITULO
Título Los últimos tiempos /
Mención de responsabilidad Horacio Vázquez-Rial
260 ## - PUBLICACIÓN, DISTRIBUCIÓN, ETC. (PIE DE IMPRENTA)
Lugar de publicación, distribución, etc Barcelona, España :
Nombre del editor, distribuidor, etc. Ediciones B,
Fecha de publicación, distribución, etc 1998.
300 ## - DESCRIPCIÓN FÍSICA
Extensión 302 p. :
Dimensiones 18 cm.
590 ## - NOTA LOCAL
Texto de la nota local Inventariado, 2023/VM
650 #4 - ENCABEZAMIENTO DE MATERIA--TEMÁTICO
Término temático o nombre geográfico como elemento de entrada Novela argentina
910 ## - VALIDACIÓN
Validación BTAVÁREZ/ VMateo V. Control de calidad. BPMSU
942 ## - ADDED ENTRY ELEMENTS (KOHA)
Source of classification or shelving scheme Dewey Decimal Classification
Koha item type Libros
Existencias
Withdrawn status Lost status Source of classification or shelving scheme Damaged status Not for loan Collection code Home library Current library Date acquired Source of acquisition Total Checkouts Full call number Barcode Date last seen Price effective from Koha item type
    Dewey Decimal Classification     Colección General Biblioteca Pública Metropolitana Salomé Ureña Biblioteca Pública Metropolitana Salomé Ureña 06/21/2016 Donación   BPMSU CG A863.6 V393u 1998 BPMSU16060287 06/21/2016 06/21/2016 Libros